Kylie Minogue Filmography - Statistics

General Stats
  • This quiz has been taken 48 times
    5 since last reset
  • The average score is 40 of 204
Answer Stats
Type Year Name % Correct
TV Show 1986-1988, 2022 Neighbours
100%
TV Show 2003, 2004, 2014, 2018 Ant & Dec's Saturday Night Takeaway
67%
Commercial 1990 Coca-Cola
67%
TV Show 1988-1992 Going Live!
67%
TV Documentary 2003 Kylie
67%
Film 2001 Moulin Rouge!
67%
Commercial 2000 Pepsi
67%
TV Show 2002 Saturday Night Live
67%
Film 1994 Street Fighter
67%
Video Game 1995 Street Fighter: The Movie
67%
Film 1989 The Delinquents
67%
TV Special 2007 The Kylie Show
67%
TV Show 1980 The Sullivans
67%
TV Show 1988-2004 Top of the Pops
67%
TV Show 2003 Top of the Pops 2
67%
TV Show 2004 Top of the Pops Saturday
67%
Film 2007 White Diamond: A Personal Portrait of Kylie Minogue
67%
Documentary Series 1989, 2014 60 Minutes Australia
33%
TV Special 2015 A Kylie Christmas: Live from the Royal Albert Hall
33%
TV Show 2008, 2023 American Idol
33%
TV Special 2023 An Audience with Kylie
33%
TV Special 2001 An Audience with Kylie Minogue
33%
TV Show 2004 Australian Idol
33%
Film 2021 Back to the Outback
33%
TV Show 2012 BBC Proms
33%
Film 1996 Bio-Dome
33%
Film 2009 Blue
33%
Award Show 2009 BRIT Awards 2009
33%
TV Show 1992 CBBC
33%
TV Show 2024 CBeebies Bedtime Story
33%
TV Special 2003, 2004, 2007, 2010, 2020, 2024 Children in Need
33%
Film 2000 Cut
33%
Film 1997 Diana & Me
33%
TV Show 1991 Disney Club
33%
TV Show 2007 Doctor Who
33%
Documentary Series 2007 Doctor Who Confidential
33%
Commercial 2001 Eurostar
33%
TV Show 2012 Fashion Police
33%
Commercial 2002 Ford StreetKa
33%
TV Show 2016 Galavant
33%
TV Show 2010, 2022 Germany's Next Topmodel
33%
TV Show 2023 Ghosts
33%
TV Show 1989 Ghost Train
33%
Short Film 1995 Hayride to Hell
33%
TV Show 1988, 1998 Hey Hey It's Saturday
33%
Film 2012 Holy Motors
33%
TV Show 2009 Horne & Corden
33%
Film 2012 Jack & Diane
33%
TV Show 2007, 2008, 2010 Jools's Hootenanny
33%
TV Show 2004 Kath & Kim
33%
Web Series 2025 KPopped
33%
TV Special 2011 Kylie - Aphrodite: Les Folies Tour 2011
33%
TV Documentary 2018 Kylie at 50: Especially for You
33%
TV Special 2022 Kylie at the BBC
33%
TV Special 1998 Kylie: Intimate and Live
33%
Concert Film 2001 Kylie: Live in Sydney
33%
Concert Film 1992 Kylie Live: 'Let's Get to It Tour'
33%
Concert Film 2004 Kylie Minogue: Body Language Live
33%
TV Special 2020 Kylie Minogue: Infinite Disco
33%
Concert Film 2002 Kylie Minogue: Kylie Fever 2002 in Concert - Live in Manchester
33%
TV Special 2018 Kylie Minogue Live at Hyde Park
33%
Documentary 1989 Kylie Minogue: On the Go
33%
TV Special 2019 Kylie's Golden Tour
33%
Concert Film 2007 Kylie: Showgirl Homecoming Live in Australia
33%
Concert Film 2005 Kylie 'Showgirl': The Greatest Hits Tour
33%
TV Special 2019 Kylie's Secret Night
33%
Concert Film 2008 KylieX2008: Live at the O2 Arena
33%
Commercial 2012 Lexus
33%
TV Show 1994, 2000 LIve & Kicking
33%
TV Show 1997 Men Behaving Badly
33%
TV Show 1989-1992 Motormouth
33%
Documentary 2019 Mystify: Michael Hutchence
33%
TV Special 2015 Neighbours 30th: The Stars Reunite
33%
TV Special 2014 Our Gay Wedding: The Musical
33%
TV Special 2000 Party in the Park
33%
TV Show 2004 Queer Eye
33%
TV Show 2021 RuPaul's Drag Race Down Under
33%
Film 2000 Sample People
33%
Film 2015 San Andreas
33%
TV Show 1980 Skyways
33%
Film 2018 Swinging Safar
33%
TV Show 1985 The Henderson Kids
33%
Film 2005 The Magic Roundabout
33%
TV Special 2018 The Queen's Birthday Party
33%
Web Mini-Series 2025 The Residence
33%
TV Special 1988, 2000, 2002, 2010, 2012, 2015 The Royal Variety Performance
33%
TV Show 2002 The Saturday Show
33%
TV Show 1994 The Vicar of Dibley
33%
TV Show 2014 The Voice (Australia)
33%
TV Show 2018 The Voice Kids
33%
TV Show 2014 The Voice: La Plus Belle Voix
33%
TV Show 2012-2018 The Voice (UK)
33%
Film 2017 The Wiggles: Duets
33%
TV Show 2011, 2015, 2016 The X Factor (Australia)
33%
TV Show 2007, 2009, 2010, 2012 The X Factor (UK)
33%
TV Show 2011 The X Factor (Ukraine)
33%
Documentary Series 1998 This Is Your Life (Australia)
33%
TV Show 2012 X Factor (Italy)
33%
TV Show 1983 Young Talent Time
33%
TV Show 1985 Zoo Family
33%
TV Special 2012 100 Years of the Royal Variety Performance
0%
Film 2014 20,000 Days on Earth
0%
Film 2017 A Christmas Star
0%
TV Special 2015 All I Want for Christmas Is Kylie!
0%
TV Show 2010 America's Got Talent
0%
TV Special 2001 An Audience with Ricky Martin
0%
Short Film 2014 Asdfmovie8
0%
TV Special 1989 A Tribute to Neighbours: Celebrating 1000 Episodes
0%
TV Show 1992 Auntie's Bloomers
0%
Documentary Series 2022 Australian Story
0%
TV Show 2000 Big Brother (Germany)
0%
Web Series 2024 Bluey Book Reads
0%
TV Show 2009 Britain's Next Top Model
0%
TV Show 1988 But First This!
0%
TV Show 1989 Champs-Elysées
0%
TV Show 1988 Chatterbox
0%
TV Special 1989 Children's Royal Variety Performance
0%
TV Special 2010 Christmas in Rockefeller Center
0%
TV Documentary 2001 Clever Girl: Kylie Complete
0%
TV Special 1989 Clive James on the 80s
0%
TV Show 1987 Countdown
0%
TV Special 1997 Counting the Beat
0%
TV Show 1992 Dance Energy
0%
TV Show 2010 Dancing with the Stars (Australia)
0%
TV Show 2001 Domino Day
0%
Documentary 2023 Ego: The Michael Gudinski Story
0%
TV Show 2010, 2014, 2020 El hormiguero
0%
TV Show 2011 Elite Model Look Spain
0%
TV Show 1995 Eurotrash
0%
TV Show 2010 Extreme Makeover: Home Edition
0%
TV Show 1986 Fame and Misfortune
0%
TV Show 1989 Formel Eins
0%
TV Special 1999 FOX Studios Australia: The Grand Opening
0%
TV Show 1988 Get Fresh
0%
TV Show 1989 Ghost Train on Sunday
0%
Documentary Mini-Series 2004 I Love the '90s
0%
Film 2020 It's Blue!
0%
TV Documentary 1989 Jason and Kylie: We Should Be So Lucky
0%
TV Show 1990 Jim'll Fix It
0%
TV Special 2015 John Bishop's Christmas Show
0%
Commercial 2002 Kids Helpline
0%
Video Game 2012 Kylie Sing and Dance
0%
TV Show 2018 Michael McIntyre's Big Show
0%
TV Show 2011 Michael McIntyre's Comedy Roadshow
0%
Documentary 2023 Michel Gondry: Do It Yourself!
0%
Short Film 1996 Misfit
0%
TV Show 2007 Mooi! Weer de Leeuw
0%
TV Show 1995 MTV's Most Wanted
0%
TV Special 2010 My Year as Aphrodite
0%
TV Mini-Series 2005 Nathan Barley
0%
TV Show 1990 Pero ¿esto qué es?
0%
TV Show 2013 Playhouse Presents
0%
TV Show 2012 Project Runway All Stars
0%
TV Show 1994 Rage
0%
TV Documentary 2013 Rihanna 777
0%
TV Show 1989, 1990, 1991 Rockopop
0%
TV Show 1989 Ron's Honeymoonquiz
0%
TV Show 1988, 1989 Sacrée soirée
0%
TV Show 1988 Saturday Morning Live
0%
TV Show 1993 Saturday Zoo
0%
TV Show 2010 Schlag den Raab
0%
TV Show 2001 Sen kväll med Luuk
0%
Documentary Mini-Series 2004 Sex 'n' Pop
0%
Short Film 2013 She-Ra with Kylie Minogue
0%
Commercial 2008 Showtime Perfume
0%
TV Show 2008 SmapxSmap
0%
TV Show 2018 Sounds Like Friday Night
0%
TV Special 2002 Spinning Around: The Kylie Minogue Story
0%
TV Show 2004, 2008 Star Academy
0%
TV Short 2017 Stephen Hawking's New Voice: Comic Relief
0%
TV Show 2007, 2012, 2015, 2019 Strictly Come Dancing
0%
TV Show 2023 Strife
0%
TV Show 2013 Styled to Rock
0%
TV Show 1988-1989 Télé Caroline
0%
TV Show 1996-2015 TFI Friday
0%
TV Show 1998 The Ben Elton Show
0%
TV Special 2012 The Big Fat Quiz of the Year
0%
TV Show 2019 The Block
0%
TV Show 1989 The Comedy Company
0%
TV Special 2012 The Diamond Jubilee Concert
0%
TV Show 1987 The Factory
0%
TV Show 2000 The Frank Skinner Show
0%
Documentary Series 2002, 2003 The Greatest
0%
TV Show 2013 The High Fructose Adventures of Annoying Orange
0%
TV Show 1989 The Hippodrome Show
0%
TV Documentary 2001 The Kylie Videodrome
0%
TV Show 1987 The Mike Walsh Show
0%
TV Documentary 2001 There's Only One Madonna
0%
TV Special 1988 The Royal Australian Bicentennial Concert
0%
Film 2014 The Sleepwalker
0%
TV Show 2012 The Soup
0%
TV Show 2014 The Voice: Louder on Two
0%
Film 2009 The Wiggles: Go Bananas!
0%
TV Show 1995 T in the Park
0%
TV Show 2002 Total Request Live
0%
TV Show 2003, 2004 Total Request Live (UK)
0%
Documentary Series 2001 Walk On By: The Story of Popular Song
0%
TV Show 2007 Wanna Bet?
0%
TV Special 2018 We Are Most Amused and Amazed
0%
TV Show 1992 What's Up Doc?
0%
TV Show 1988 Wide Awake Club
0%
TV Show 1998 XLTV
0%
TV Show 2015 Young & Hungry
0%
No matching quizzes found
Score Distribution
Percent of People with Each Score
Percentile by Number Answered
Your Score History
You have not taken this quiz since the last reset